| 000 | 00347nam a2200121Ia 4500 | ||
|---|---|---|---|
| 008 | 210430s9999 xx 000 0 und d | ||
| 082 | _a955 K451 P | ||
| 100 |
_aFazle Karim Khan _953696 |
||
| 245 |
_aPakistan Geography Economy &People _cFazle Karim Khan |
||
| 260 |
_aNew york _bOxford university press _c2006 |
||
| 300 | _a210p | ||
| 942 |
_cBK _2ddc |
||
| 999 |
_c563866 _d563866 |
||